00523nam a2200193 a 4500001001300000003000900013005001700022008004100039020001000080082002100090100002000111245005100131260003300182300000800215500003500223505002000258650003100278700002000309nice12345678IN_TiNIC20260116011402.0050524s1963 laha grp 000 0 eng  ac10000a305.8095491bALA aAlamzeb, Naseem aProblems of Our Youthb Collection of Speeches aLahorebMeezan Pu. Ltdc1963 a19p aincludes index and biblioraphy2 aEpilogue, Notes aPakistan-Social Conditions1 aAlamzeb, Naseem